[Event "27th Czech Open A 2016"]
[Site "Pardubice CZE"]
[Date "2016.07.29"]
[Round "8.10"]
[White "Abergel, Thal"]
[Black "Lintchevski, Daniil"]
[Result "1-0"]
[WhiteTitle "GM"]
[BlackTitle "GM"]
[WhiteElo "2457"]
[BlackElo "2548"]
[WhiteFideId "614890"]
[BlackFideId "4171055"]
[EventDate "2016.07.22"]

1. e4 c6 2. Ne2 d5 3. e5 d4 4. b4 Nd7 5. f4 Nb6 6. Bb2 Bg4 7. h3 Bxe2 8. Qxe2 e6
9. a3 Qh4+ 10. Qf2 Qxf2+ 11. Kxf2 O-O-O 12. d3 Ne7 13. Nd2 Nf5 14. Nf3 h5 15. g3
Be7 16. Bc1 Nd5 17. Bd2 Nde3 18. Nxd4 Nxd4 19. Bxe3 Nxc2 20. Ra2 Nxe3 21. Kxe3
h4 22. g4 g5 23. f5 f6 24. d4 fxe5 25. dxe5 Rd5 26. Ke4 Rhd8 27. f6 Bf8 28. Be2
Rd4+ 29. Ke3 R4d5 30. Ke4 a5 31. Rc1 Rd4+ 32. Ke3 R4d5 33. Ke4 Rd4+ 34. Ke3 axb4
35. axb4 Bxb4 36. Bc4 Kc7 37. Bxe6 Rd3+ 38. Ke4 Rxh3 39. Bf7 Rg3 40. e6 Rxg4+
41. Kf5 Rf4+ 42. Kg6 Rd3 43. e7 Rxf6+ 44. Kxf6 Rf3+ 45. Kxg5 Bxe7+ 46. Kg6 h3
47. Rb1 Bc5 48. Rb3 Rxb3 49. Bxb3 Bg1 50. Bd1 b5 51. Bf3 Kb6 52. Kf5 c5 53. Ke4
Kc6 54. Ra6+ Kb7 55. Rh6 h2 56. Kd3+ Kc7 57. Kc2 b4 58. Bd5 Kd7 59. Kd3 Ke7 60.
Ke4 Kd7 61. Bb3 Ke7 62. Bc4 Kd7 63. Ke5 Kc7 64. Kd5 Kb7 65. Kd6 b3 66. Bxb3 Kb6
67. Kd5+ Kb5 68. Bc4+ Kb4 69. Rh3 Ka4 70. Ke4 Kb4 71. Kd3 Ka3 72. Kc2+ Kb4 73.
Bd5 Kb5 74. Kb3 Kb6 75. Rh7 Ka6 76. Kc4 Kb6 1-0

[Event "27th Czech Open A 2016"]
[Site "Pardubice CZE"]
[Date "2016.07.29"]
[Round "8.11"]
[White "Kovalev, Andrei"]
[Black "Smith, Bryan G"]
[Result "1-0"]
[WhiteTitle "GM"]
[BlackTitle "GM"]
[WhiteElo "2513"]
[BlackElo "2453"]
[WhiteFideId "13500023"]
[BlackFideId "2017083"]
[EventDate "2016.07.22"]

1. e4 c5 2. Nf3 d6 3. Bb5+ Nd7 4. O-O a6 5. Bd3 Ngf6 6. c3 b5 7. Bc2 Bb7 8. Re1
c4 9. b3 e6 10. bxc4 bxc4 11. Na3 Rc8 12. Rb1 Ba8 13. Qe2 Qc7 14. d3 cxd3 15.
Bxd3 Nc5 16. Bxa6 Nxa6 17. Qxa6 Bxe4 18. Rb6 Ra8 19. Qb5+ Nd7 20. Nc4 Bd3 21.
Rc6 Qb8 22. Qxb8+ Rxb8 23. Nxd6+ Bxd6 24. Rxd6 Bc4 25. Rxd7 Kxd7 26. Ne5+ Ke7
27. Nxc4 Ra8 28. Ba3+ Kf6 29. Re3 e5 30. Bd6 Rxa2 31. Bxe5+ Kg6 32. Rg3+ Kf5 33.
h4 Ke6 34. Bxg7 Rb8 35. Bd4 Kd5 1-0

[Event "27th Czech Open A 2016"]
[Site "Pardubice CZE"]
[Date "2016.07.29"]
[Round "8.12"]
[White "Ponizil, Cyril"]
[Black "Hirneise, Tobias"]
[Result "1/2-1/2"]
[WhiteTitle "IM"]
[BlackTitle "IM"]
[WhiteElo "2510"]
[BlackElo "2452"]
[WhiteFideId "322202"]
[BlackFideId "24600881"]
[EventDate "2016.07.22"]

1. e4 e5 2. Nf3 Nc6 3. Bb5 Nf6 4. d3 d6 5. O-O Be7 6. Re1 O-O 7. Nbd2 a6 8. Bxc6
bxc6 9. b3 c5 10. Nc4 Be6 11. h3 h6 12. Ne3 Qd7 13. Bb2 Nh7 14. c3 f5 15. exf5
Bxf5 16. d4 Bxh3 17. dxe5 Be6 18. c4 Ng5 19. Nh2 c6 20. exd6 Bxd6 21. Nhg4 Rad8
22. Qe2 Qc7 23. Nf1 Rde8 24. Ne5 Bc8 25. Qe3 Ne6 26. Nd3 Nd4 27. Qxe8 Rxe8 28.
Rxe8+ Kf7 29. Rae1 Bf5 30. Nc1 Qa5 31. R1e3 Nc2 32. Re2 Nd4 33. R2e3 Nc2 34. Re2
Nd4 35. R2e3 1/2-1/2

[Event "27th Czech Open A 2016"]
[Site "Pardubice CZE"]
[Date "2016.07.29"]
[Round "8.13"]
[White "Frolov, Artur"]
[Black "Schlosser, Philipp"]
[Result "0-1"]
[WhiteTitle "IM"]
[BlackTitle "GM"]
[WhiteElo "2455"]
[BlackElo "2509"]
[WhiteFideId "14100134"]
[BlackFideId "4600169"]
[EventDate "2016.07.22"]

1. e4 c5 2. Nf3 e6 3. d4 cxd4 4. Nxd4 a6 5. Nc3 b5 6. Be3 Bb7 7. Bd3 d6 8. a3
Nd7 9. Qd2 Ngf6 10. f3 Rc8 11. O-O Be7 12. Kh1 O-O 13. Rad1 Ne5 14. Qe1 Nfd7 15.
Bc1 Re8 16. f4 Nxd3 17. cxd3 Bh4 18. Qe2 Bf6 19. Be3 g6 20. Rc1 Bg7 21. Nf3 Nc5
22. Qd1 f5 23. exf5 exf5 24. Bxc5 Bxf3 25. Qxf3 dxc5 26. Rfe1 Qd7 27. h3 Rxe1+
28. Rxe1 Rd8 29. Qd1 Bf6 30. Qb3+ Kg7 31. Re3 Qd4 32. Rf3 Re8 33. Qd1 h5 34. Ne2
Qxb2 35. Ng1 h4 36. Rf1 Qd4 37. Qf3 Re7 38. Rc1 Qd6 39. g4 hxg3 40. Qxg3 Qd5+
41. Kh2 Bd4 42. Re1 Re6 43. Rxe6 Qxe6 44. h4 Qa2+ 45. Kh3 Qb1 46. Ne2 Qh1+ 47.
Qh2 Qf3+ 48. Ng3 Bf2 0-1

[Event "27th Czech Open A 2016"]
[Site "Pardubice CZE"]
[Date "2016.07.29"]
[Round "8.14"]
[White "Zumsande, Martin"]
[Black "Venkatesh, M.R."]
[Result "1-0"]
[WhiteTitle "IM"]
[BlackTitle "GM"]
[WhiteElo "2487"]
[BlackElo "2445"]
[WhiteFideId "4651324"]
[BlackFideId "5005779"]
[EventDate "2016.07.22"]

1. e4 c5 2. c3 Nf6 3. e5 Nd5 4. d4 cxd4 5. cxd4 e6 6. Nc3 Nxc3 7. bxc3 Qc7 8.
Bd2 d6 9. f4 Be7 10. Bd3 Nc6 11. Nh3 Bd7 12. O-O h6 13. Qh5 Nd8 14. Rae1 d5 15.
Ng5 Rf8 16. Nh7 Rg8 17. f5 Ba3 18. f6 g6 19. Qxh6 Nc6 20. Ng5 1-0

[Event "27th Czech Open A 2016"]
[Site "Pardubice CZE"]
[Date "2016.07.29"]
[Round "8.15"]
[White "Haba, Petr"]
[Black "Ladva, Ottomar"]
[Result "0-1"]
[WhiteTitle "GM"]
[BlackTitle "IM"]
[WhiteElo "2484"]
[BlackElo "2443"]
[WhiteFideId "300160"]
[BlackFideId "4500024"]
[EventDate "2016.07.22"]

1. e4 c5 2. Nf3 e6 3. d4 cxd4 4. Nxd4 Nc6 5. Nc3 Qc7 6. Be2 a6 7. O-O Nf6 8. Be3
d6 9. f4 Be7 10. Kh1 O-O 11. Qe1 Nxd4 12. Bxd4 b5 13. e5 dxe5 14. Bxe5 Qb6 15.
Qh4 Bb7 16. Bd3 Rfe8 17. Rae1 Rad8 18. Bxf6 Bxf6 19. Qxh7+ Kf8 20. f5 e5 21. Re2
Rd4 22. Ne4 Red8 23. Rfe1 Bxe4 24. Rxe4 Rxe4 25. Rxe4 Qa5 26. g4 Qd2 27. Qh8+
Ke7 28. Qh3 Qc1+ 29. Qf1 Qxb2 30. Qg1 Kf8 31. g5 Be7 32. Rh4 Ke8 33. Rh8+ Bf8
34. f6 g6 35. Qc5 Qc1+ 36. Qg1 Qxg1+ 37. Kxg1 Rd4 38. Kf2 e4 39. Be2 Rd2 40. Ke3
Rxc2 41. h4 Rxa2 42. h5 gxh5 43. Bxh5 Rg2 44. Kf4 e3 45. Rh7 e2 46. Rxf7 Bd6+
47. Kf5 Rf2+ 0-1

[Event "27th Czech Open A 2016"]
[Site "Pardubice CZE"]
[Date "2016.07.29"]
[Round "8.16"]
[White "Potapov, Pavel"]
[Black "Tate, Alan"]
[Result "1/2-1/2"]
[WhiteTitle "GM"]
[BlackTitle "FM"]
[WhiteElo "2483"]
[BlackElo "2331"]
[WhiteFideId "4169786"]
[BlackFideId "2401878"]
[EventDate "2016.07.22"]

1. e4 e5 2. Nf3 Nc6 3. Nc3 Nf6 4. d4 exd4 5. Nxd4 Bb4 6. Nxc6 bxc6 7. Bd3 d5 8.
exd5 cxd5 9. O-O O-O 10. h3 Bb7 11. Qf3 Rb8 12. Bg5 Be7 13. Qg3 d4 14. Ne2 Ne4
15. Bxe7 Nxg3 16. Bxd8 Nxe2+ 17. Bxe2 Rfxd8 18. Bd3 Bd5 19. b3 Kf8 20. Rfe1 Re8
21. f3 a5 22. Kf2 h6 23. h4 Rxe1 24. Kxe1 1/2-1/2

[Event "27th Czech Open A 2016"]
[Site "Pardubice CZE"]
[Date "2016.07.29"]
[Round "8.17"]
[White "Gutman, Gennadi"]
[Black "Vyskocil, Neklan"]
[Result "1/2-1/2"]
[WhiteTitle "GM"]
[BlackTitle "IM"]
[WhiteElo "2473"]
[BlackElo "2323"]
[WhiteFideId "14102277"]
[BlackFideId "307106"]
[EventDate "2016.07.22"]

1. d4 Nf6 2. Nf3 e6 3. c4 Bb4+ 4. Nbd2 O-O 5. a3 Be7 6. e4 d5 7. e5 Nfd7 8. c5
f6 9. b4 a5 10. Bb2 axb4 11. axb4 Rxa1 12. Qxa1 b6 13. exf6 Bxf6 14. Be2 bxc5
15. bxc5 Nc6 16. Qa8 Ne7 17. Nb3 c6 18. Qa7 Re8 19. O-O Nf8 20. Na5 Bd7 21. Bc3
Qa8 22. Qc7 Rc8 23. Qf4 Nf5 24. Qd2 Be8 25. Ra1 Bh5 26. Nc4 Qb8 27. Nb6 Re8 28.
Ne5 Bxe5 29. dxe5 Bg6 30. g4 Ne7 31. Bd4 Qc7 32. Ra3 Nd7 33. Qa2 Rb8 34. Ra7 Rb7
35. Ra8+ Kf7 36. Qa3 Rb8 37. f4 Rxa8 38. Qxa8 Be4 39. Kf2 Qb8 40. Qa6 Nf8 41.
Kg3 h6 42. Qa8 Qc7 43. Ba6 Nd7 44. Qb7 Qxb7 45. Bxb7 Ke8 46. Nc8 Nxc8 47. Bxc8
Bd3 48. Kf3 Kd8 49. Ke3 Bb5 50. Bxd7 Kxd7 51. f5 Ke7 52. h4 Kf7 53. h5 Ba4 54.
f6 Bd1 55. Kf4 g6 56. hxg6+ Kxg6 1/2-1/2

[Event "27th Czech Open A 2016"]
[Site "Pardubice CZE"]
[Date "2016.07.29"]
[Round "8.18"]
[White "Kononenko, Dmitry1"]
[Black "Domogaev, Sergey"]
[Result "1-0"]
[WhiteTitle "GM"]
[BlackTitle "GM"]
[WhiteElo "2621"]
[BlackElo "2419"]
[WhiteFideId "14113007"]
[BlackFideId "24103608"]
[EventDate "2016.07.22"]

1. e4 e5 2. Nf3 Nc6 3. Bb5 a6 4. Ba4 Nf6 5. O-O Be7 6. Re1 b5 7. Bb3 d6 8. c3
O-O 9. d4 Bg4 10. Be3 exd4 11. cxd4 d5 12. e5 Ne4 13. h3 Bh5 14. Nbd2 Nxd2 15.
Qxd2 Bb4 16. Qc2 Na5 17. Bd2 Bxf3 18. Bxb4 Qg5 19. g3 Qh5 20. Re3 Nc4 21. Bxc4
dxc4 22. Bxf8 Rxf8 23. Qc3 Bd5 24. g4 Qg6 25. Rae1 Qb6 26. b4 Rd8 27. f4 h5 28.
gxh5 Qh6 29. Rf1 f5 30. exf6 Qxf6 31. Re5 Bf7 32. Kh2 a5 33. a3 axb4 34. axb4 c6
35. Kg3 Kh8 36. Ra1 Qd6 37. Ra7 Rd7 38. Ra8+ Rd8 39. Ra7 Rd7 40. Rxd7 Qxd7 41.
Qe3 Qd6 42. Rg5 Qh6 43. Qe5 Kg8 44. h4 c3 45. d5 c2 46. Qc3 Bxd5 47. Qxc2 Qf6
48. Re5 Bf7 49. Qd3 Qh6 50. Qd7 Qf6 51. Qc8+ 1-0

[Event "27th Czech Open A 2016"]
[Site "Pardubice CZE"]
[Date "2016.07.29"]
[Round "8.19"]
[White "Jakubowski, Krzysztof"]
[Black "Bilguun, Sumiya"]
[Result "0-1"]
[WhiteTitle "GM"]
[BlackTitle "FM"]
[WhiteElo "2557"]
[BlackElo "2419"]
[WhiteFideId "1112848"]
[BlackFideId "4901541"]
[EventDate "2016.07.22"]

1. e4 c5 2. Nf3 e6 3. d4 cxd4 4. Nxd4 a6 5. Nc3 Qc7 6. g3 Bb4 7. Bd2 Nf6 8. Bg2
Nc6 9. Nxc6 dxc6 10. f4 e5 11. f5 b5 12. O-O Bb7 13. Qe2 h6 14. Kh1 Be7 15. Nd1
O-O 16. Nf2 c5 17. h4 Rfd8 18. Rae1 Bc6 19. Bc1 c4 20. g4 Nh7 21. f6 Bxf6 22. g5
hxg5 23. Ng4 gxh4 24. Nxf6+ Nxf6 25. Rxf6 gxf6 26. Bh6 f5 27. Rg1 Kh7 28. Qh5
Rd6 29. Bg5+ Kg7 30. exf5 Rg8 31. Bd8 Rdxd8 32. Bxc6+ Kf8 33. Qh6+ Ke7 34. Re1
Rd4 35. Bf3 Qd6 36. Qh7 Rg5 37. c3 Rd3 38. Qxh4 Qf6 39. Bg2 Rdg3 0-1

[Event "27th Czech Open A 2016"]
[Site "Pardubice CZE"]
[Date "2016.07.29"]
[Round "8.20"]
[White "Carlsson, Pontus"]
[Black "Novikov, Stanislav"]
[Result "1/2-1/2"]
[WhiteTitle "GM"]
[BlackTitle "GM"]
[WhiteElo "2435"]
[BlackElo "2528"]
[WhiteFideId "1705814"]
[BlackFideId "4125371"]
[EventDate "2016.07.22"]

1. e4 c5 2. Nf3 e6 3. d4 cxd4 4. Nxd4 Qb6 5. Nb3 Qc7 6. Bd3 Nf6 7. Nc3 a6 8. f4
d6 9. a4 b6 10. O-O Nbd7 11. Qe2 Bb7 12. Bd2 Be7 13. Rae1 e5 14. g4 Nc5 15. g5
Nxd3 16. cxd3 Nd7 17. Qh5 g6 18. Qh3 exf4 19. Bxf4 O-O 20. Re3 Nc5 21. Nd4 f6
22. Ne6 Nxe6 23. Qxe6+ Kh8 24. Ref3 Bc8 25. Qd5 Bb7 26. Qe6 Bc8 27. Qb3 Bg4 28.
Nd5 Qd7 29. Nxb6 Qb7 30. R3f2 h6 31. gxf6 Bxf6 32. Be3 Bg7 33. Rf7 Rxf7 34. Rxf7
Qb8 35. Rxg7 Kxg7 36. Qc3+ Kf7 37. Nxa8 Qxa8 38. Bxh6 Qa7+ 39. Kg2 Kg8 40. Qc6
Qf7 41. Qa8+ Kh7 42. Qf8 Qd7 43. Bg5 Bh5 44. Qe7+ Qxe7 45. Bxe7 Be2 46. d4 d5
47. exd5 Bd1 48. a5 Kg7 49. Kg3 Kf7 50. Bg5 Bb3 51. d6 Ke6 52. Bf4 Ba4 53. Kg4
Bd7 54. Kg5 Kf7 55. h4 Bc6 56. Bg3 Be8 57. d5 Bb5 58. Kf4 Bd7 59. Ke5 Bb5 60.
Bf4 Bd7 61. Bh6 Bb5 62. Be3 Bd7 63. Bd2 Bb5 64. Be1 Bd7 65. Bf2 Bb5 66. Bg1 Bd7
67. Bh2 Bb5 68. Bg1 Bd7 69. Ba7 Bb5 70. Bb6 Bd7 71. Bc5 Bb5 72. Bb4 Bd7 73. Bc3
Bb5 74. b3 Bd7 75. Bb4 Bb5 76. Bc5 Bd7 77. Ba3 Bb5 78. Bb2 Bd7 79. Bc1 Bb5 80.
Bd2 Bd7 81. Be3 Bb5 82. Bf4 Bd7 83. Bg3 Bb5 84. Bh2 Bd7 85. Bg1 Bb5 86. Bf2 Bd7
87. Be3 Bb5 88. Bg5 Bd7 89. Kd4 Bb5 90. Ke3 Bd7 91. Ke2 Bb5+ 92. Ke1 Bd7 93. Kd2
Bb5 94. Kc2 Bd7 95. Kb2 Bb5 96. Ka3 Bd7 97. Kb4 Bb5 98. Kc5 Ke8 99. Bh6 Kd7 100.
Bg7 Ke8 101. Bf6 Kd7 102. Be5 Ke8 103. Bd4 Kd7 104. Be3 Ke8 105. Bd2 Kd7 106.
Bb4 Ke8 107. Ba3 Kd7 108. b4 Ke8 109. Bc1 Kd7 110. Bd2 Ke8 111. Bh6 Kd7 112. Bg5
Ke8 113. Bf6 Kd7 114. Be7 Ke8 115. Kd4 Bd7 116. Ke5 Kf7 117. Bg5 Bb5 118. Bc1
Bd7 119. Bb2 Bb5 120. Bc3 Bd7 121. Be1 Bb5 122. Bf2 Bd7 123. Bg1 Bb5 124. Bh2
Bd7 125. Bg3 Bb5 126. Bf4 Bd7 127. Bd2 Bb5 128. d7 Bxd7 129. Kd6 Bb5 130. Bc3
Ba4 131. Bb2 Bb5 132. Ba3 Ba4 133. Bc1 Bb5 134. Bh6 Ba4 135. Bg5 Bb5 136. Bf4
Ba4 137. Kc7 Bb5 138. Bd6 Ba4 139. Bc5 Bb5 140. Bb6 Ba4 141. Kd6 Bb5 142. Ke5
Ba4 143. Be3 Bb5 144. d6 Ba4 145. Kd5 Bb5 146. Bg5 Ba4 147. Kc5 Bb5 148. Kb6 Ke6
149. Kc7 Ba4 150. Bf4 Bb5 151. Kb7 Kd7 152. Kb6 Ke6 153. Kc5 Ba4 154. Kd4 Bb5
155. Ke3 Ba4 156. Bg3 Bb5 157. Kf4 Ba4 158. Kg5 Kf7 1/2-1/2

[Event "27th Czech Open A 2016"]
[Site "Pardubice CZE"]
[Date "2016.07.29"]
[Round "8.22"]
[White "Zakhartsov, Vladimir"]
[Black "Alsina Leal, Daniel"]
[Result "0-1"]
[WhiteTitle "IM"]
[BlackTitle "GM"]
[WhiteElo "2429"]
[BlackElo "2521"]
[WhiteFideId "4145097"]
[BlackFideId "2252627"]
[EventDate "2016.07.22"]

1. e4 c5 2. Nf3 d6 3. d4 cxd4 4. Nxd4 Nf6 5. Nc3 a6 6. Be3 e5 7. Nb3 Be6 8. f3
Be7 9. Qd2 O-O 10. O-O-O Nbd7 11. g4 b5 12. g5 b4 13. Ne2 Ne8 14. f4 a5 15. f5
Bxb3 16. cxb3 a4 17. bxa4 Rxa4 18. Kb1 Rxa2 19. Nc1 Ra8 20. Nb3 Qc8 21. Bb5 Nc7
22. Bc6 Ra6 23. Bxd7 Qxd7 24. Nc5 Rfa8 25. Nxa6 Nxa6 26. Rc1 Qa4 27. Qd5 Nc5 28.
Qc4 Nb3 29. g6 hxg6 30. fxg6 Qa2+ 31. Kc2 Nxc1 32. Qxf7+ Qxf7 33. gxf7+ Kxf7 34.
Rxc1 Rh8 35. Rf1+ Ke6 36. Rf2 Rh3 37. Kd2 d5 38. exd5+ Kxd5 39. Rg2 b3 40. Bf2
Bf6 41. Bg3 e4 42. Rg1 Rh8 43. Ra1 Rc8 44. Ra5+ Rc5 45. Ra3 Rc2+ 46. Ke3 Bd4+
47. Kf4 Rxb2 48. Ra5+ Bc5 49. Be1 Rc2 0-1

[Event "27th Czech Open A 2016"]
[Site "Pardubice CZE"]
[Date "2016.07.29"]
[Round "8.23"]
[White "Demidov, Mikhail"]
[Black "Roy, Prantik"]
[Result "1/2-1/2"]
[WhiteTitle "IM"]
[BlackTitle "IM"]
[WhiteElo "2514"]
[BlackElo "2403"]
[WhiteFideId "4197143"]
[BlackFideId "5035120"]
[EventDate "2016.07.22"]

1. Nf3 Nf6 2. c4 e6 3. d4 Bb4+ 4. Nbd2 b6 5. e3 Bb7 6. Bd3 Bxd2+ 7. Nxd2 d6 8.
O-O Nbd7 9. a3 O-O 10. b4 a5 11. Bb2 axb4 12. axb4 Rxa1 13. Qxa1 Qa8 14. f3 Qxa1
15. Rxa1 Ra8 16. Rxa8+ Bxa8 17. g4 h6 18. Kf2 Kf8 19. Kg3 Ke7 20. f4 d5 21. c5
h5 22. h3 hxg4 23. hxg4 Ne4+ 24. Nxe4 dxe4 25. Bc2 Bd5 26. f5 exf5 27. gxf5 b5
28. Kf4 Nf6 29. Bc3 Bc6 30. Bd2 Kd7 31. Bb3 Ke7 32. Be1 Nh5+ 33. Kg5 Nf6 34. Bc2
Kd7 35. Bd1 Nd5 36. Bd2 Ke7 37. Bc2 Nf6 38. Bb3 Bd5 39. Bd1 Bc6 40. Be2 Nd5 41.
Bf1 f6+ 42. Kg4 Kf7 43. Bg2 Ne7 44. Kf4 g5+ 45. fxg6+ Nxg6+ 46. Kg4 Bd5 47. Be1
c6 48. Bg3 Nf8 49. Bd6 Ne6 50. Kf5 Ng7+ 51. Kf4 Ne6+ 1/2-1/2

[Event "27th Czech Open A 2016"]
[Site "Pardubice CZE"]
[Date "2016.07.29"]
[Round "8.24"]
[White "Praggnanandhaa, R"]
[Black "Krejci, Jan2"]
[Result "1-0"]
[WhiteTitle "FM"]
[BlackTitle "GM"]
[WhiteElo "2429"]
[BlackElo "2504"]
[WhiteFideId "25059530"]
[BlackFideId "322156"]
[EventDate "2016.07.22"]

1. Nf3 d5 2. g3 c6 3. Bg2 Bg4 4. d3 Nd7 5. O-O Ngf6 6. Qe1 e5 7. e4 dxe4 8. dxe4
Bxf3 9. Bxf3 Bc5 10. Nd2 O-O 11. Qe2 Re8 12. a4 a5 13. Bg2 Nf8 14. Nf3 Ng6 15.
b3 Qc7 16. Bg5 Nd7 17. Rad1 h6 18. Bh3 Ndf8 19. Bc1 Rad8 20. Bb2 Ba7 21. Bf5 f6
22. Ba3 Qf7 23. Nd2 Ne6 24. Nc4 Nd4 25. Qg4 Nf8 26. Bxf8 Qxf8 27. Bg6 Re7 28. c3
Nxb3 29. Rxd8 Qxd8 30. Rd1 Qf8 31. Nd6 Nc5 32. Qe2 Rd7 33. Qc4+ Kh8 34. Nf7+
Qxf7 35. Bxf7 Rxd1+ 36. Kg2 Rd8 37. Bg6 Rb8 38. h4 b5 39. axb5 cxb5 40. Qf7 Bb6
41. Qe7 b4 42. cxb4 axb4 43. Qd6 Ba7 44. Qc7 Ra8 45. Bf7 b3 46. Bd5 b2 47. Bxa8
b1=Q 48. Qxa7 Nd3 49. Bd5 Kh7 50. Qa8 h5 51. Bf7 Ne1+ 52. Kh3 1-0

[Event "27th Czech Open A 2016"]
[Site "Pardubice CZE"]
[Date "2016.07.29"]
[Round "8.25"]
[White "Gundavaa, Bayarsaikhan"]
[Black "Duzhakov, Ilya"]
[Result "1-0"]
[WhiteTitle "GM"]
[BlackTitle "FM"]
[WhiteElo "2503"]
[BlackElo "2404"]
[WhiteFideId "4901045"]
[BlackFideId "4192516"]
[EventDate "2016.07.22"]

1. e4 e6 2. d4 d5 3. e5 c5 4. c3 Qb6 5. Nf3 Nc6 6. a3 Nh6 7. b4 cxd4 8. Bxh6
gxh6 9. cxd4 Bd7 10. Ra2 Rc8 11. Rc2 Rc7 12. Be2 Rg8 13. O-O Rg4 14. h3 Re4 15.
Nc3 Nxd4 16. Nxe4 Nxc2 17. Nf6+ Kd8 18. Qd3 Qa6 19. Qxh7 Qxe2 20. Qxf7 Qxf1+ 21.
Kh2 Qb5 22. Qxf8+ Be8 23. Qd6+ Bd7 24. Qf8+ Be8 25. Qd6+ 1-0

[Event "27th Czech Open A 2016"]
[Site "Pardubice CZE"]
[Date "2016.07.29"]
[Round "8.26"]
[White "Padmini, Rout"]
[Black "Pardo Simon, David"]
[Result "0-1"]
[WhiteTitle "IM"]
[BlackTitle "IM"]
[WhiteElo "2415"]
[BlackElo "2492"]
[WhiteFideId "5029295"]
[BlackFideId "2296276"]
[EventDate "2016.07.22"]

1. e4 d6 2. d4 g6 3. Nc3 Bg7 4. Be3 a6 5. Qd2 b5 6. h4 h6 7. f4 h5 8. Bd3 Nh6 9.
Nf3 Bb7 10. O-O-O b4 11. Ne2 a5 12. Ng3 d5 13. exd5 Bxd5 14. Kb1 Bxf3 15. gxf3
e6 16. f5 Nxf5 17. Nxf5 gxf5 18. Bc4 c6 19. Bg5 Qd6 20. Bf4 Qd8 21. Rhg1 Bf6 22.
Qe3 Qe7 23. Qd3 Nd7 24. d5 Nc5 25. Qd2 exd5 26. Bxd5 O-O-O 27. Rge1 Qa7 28. Qe2
Rxd5 29. Rxd5 cxd5 30. Qb5 Ne6 31. Qc6+ Kd8 32. Qxd5+ Ke8 33. Qxf5 Qd4 34. Bc1
Ke7 35. Qxa5 Rc8 36. Re4 Qd1 37. Qxb4+ Ke8 38. Qa4+ Kf8 39. Rc4 Rxc4 40. Qxc4
Be5 41. a4 Bf4 42. Qc8+ Ke7 43. a5 Bxc1 44. a6 Be3+ 45. Ka2 Qd5+ 46. c4 Qa5+ 0-1

[Event "27th Czech Open A 2016"]
[Site "Pardubice CZE"]
[Date "2016.07.29"]
[Round "8.27"]
[White "Belyakov, Bogdan"]
[Black "Lomasov, Semen"]
[Result "1-0"]
[WhiteTitle "IM"]
[BlackTitle "FM"]
[WhiteElo "2488"]
[BlackElo "2395"]
[WhiteFideId "24104795"]
[BlackFideId "24164879"]
[EventDate "2016.07.22"]

1. e4 e6 2. d4 d5 3. Nc3 Bb4 4. Ne2 dxe4 5. a3 Bxc3+ 6. Nxc3 Nc6 7. Bb5 Ne7 8.
Nxe4 Qd5 9. Bd3 f5 10. Qh5+ Ng6 11. Ng5 Qxg2 12. Rf1 Bd7 13. Be3 Qg4 14. Qxg4
fxg4 15. O-O-O Nce7 16. Rg1 h6 17. Ne4 Nh4 18. Rxg4 Nhf5 19. Nc5 O-O-O 20. Re1
b6 21. Ba6+ Kb8 22. Nxd7+ Rxd7 23. c3 Nd5 24. Bd2 Rd6 25. Rg6 Re8 26. Bd3 Nh4
27. Rxg7 Nf3 28. Re4 Nxd2 29. Kxd2 Rf8 30. Ke1 a5 31. Bf1 Rf6 32. Bg2 b5 33. Re5
c6 34. Bxd5 cxd5 35. Re3 Rb6 36. Re7 b4 37. Rg3 Rb7 38. Rxb7+ Kxb7 39. cxb4 axb4
40. Rb3 Kc6 41. Rxb4 Rf4 42. Kf1 h5 43. h3 h4 44. Ke2 Re4+ 45. Kf3 Kc7 46. a4 e5
47. a5 exd4 48. a6 Re6 49. Rxd4 Rxa6 50. Rxd5 1-0

[Event "27th Czech Open A 2016"]
[Site "Pardubice CZE"]
[Date "2016.07.29"]
[Round "8.28"]
[White "Smirnov, Anton"]
[Black "Tunik, Gennady"]
[Result "1-0"]
[WhiteTitle "IM"]
[BlackTitle "GM"]
[WhiteElo "2478"]
[BlackElo "2390"]
[WhiteFideId "3208923"]
[BlackFideId "4101219"]
[EventDate "2016.07.22"]

1. e4 c5 2. Nf3 e6 3. d4 cxd4 4. Nxd4 a6 5. c4 Nf6 6. Nc3 Qc7 7. Be2 b6 8. O-O
Bb7 9. Qd3 Nc6 10. Nxc6 Bxc6 11. Be3 Bc5 12. Bxc5 bxc5 13. f4 O-O 14. e5 Ne8 15.
Bf3 Bxf3 16. Qxf3 Rb8 17. b3 f5 18. Qe3 Rf7 19. Rad1 Rc8 20. Rd3 Qc6 21. Rfd1 h6
22. Qg3 Kh7 23. Qh4 d6 24. exd6 Nf6 25. Qe1 Qd7 26. Re3 Nh5 27. Rxe6 Nxf4 28.
Re7 Rxe7 29. dxe7 Qe8 30. Qe5 Ng6 31. Qxf5 Qxe7 32. Qxc8 a5 1-0

[Event "27th Czech Open A 2016"]
[Site "Pardubice CZE"]
[Date "2016.07.29"]
[Round "8.29"]
[White "Yankelevich, Lev"]
[Black "Puranik, Abhimanyu"]
[Result "0-1"]
[BlackTitle "IM"]
[WhiteElo "2415"]
[BlackElo "2475"]
[WhiteFideId "24684074"]
[BlackFideId "5061245"]
[EventDate "2016.07.22"]

1. d4 Nf6 2. c4 g6 3. Nc3 d5 4. Nf3 Bg7 5. Qb3 dxc4 6. Qxc4 O-O 7. e4 Na6 8. Be2
c5 9. d5 e6 10. O-O exd5 11. exd5 Bf5 12. Rd1 Qb6 13. Nh4 Bd7 14. a3 Rfe8 15.
Be3 Rxe3 16. fxe3 Re8 17. d6 Rxe3 18. Qf4 c4 19. Kh1 g5 20. Qxg5 Rxe2 21. Nf5
Bxf5 22. Qxf5 Re8 23. Nb5 Nc5 24. Nd4 Nd3 25. d7 Rd8 26. Rxd3 cxd3 27. Qf4 Nxd7
28. Nf5 Qf6 29. Rf1 Ne5 30. Qb4 Qxf5 31. Rxf5 d2 32. Rf1 d1=Q 33. Qf8+ Bxf8 0-1

[Event "27th Czech Open A 2016"]
[Site "Pardubice CZE"]
[Date "2016.07.29"]
[Round "8.30"]
[White "Neelotpal, Das"]
[Black "Potapov, Alexander1"]
[Result "1-0"]
[WhiteTitle "GM"]
[BlackTitle "GM"]
[WhiteElo "2467"]
[BlackElo "2401"]
[WhiteFideId "5003512"]
[BlackFideId "4115074"]
[EventDate "2016.07.22"]

1. e4 e5 2. Nf3 Nc6 3. Bc4 Nf6 4. d3 Be7 5. O-O O-O 6. Re1 d6 7. c3 h6 8. Nbd2
Nh7 9. Nf1 Ng5 10. Ne3 Be6 11. Nd2 g6 12. h4 Bxc4 13. dxc4 Ne6 14. h5 Nf4 15.
hxg6 fxg6 16. Nf3 Qd7 17. Nh2 h5 18. Nd5 Nxd5 19. cxd5 Nd8 20. Be3 Nf7 21. Qd2
Kg7 22. c4 a5 23. b3 c5 24. dxc6 bxc6 25. Rad1 Qe6 26. Qc2 Rfd8 27. Rd3 Rdb8 28.
Bd2 Ra6 29. Nf1 Bd8 30. Rd1 Rb7 31. c5 dxc5 32. Ne3 Be7 33. Nc4 Rba7 34. a4 h4
35. Bc3 Kh7 36. Qd2 Bg5 37. Qe1 Bf4 38. Bxa5 Ng5 39. Bd8 Rf7 40. Qe2 Ra8 41. Rd6
Qe8 42. Qg4 Nf3+ 43. gxf3 1-0